All 100k+ Cities in Benelux on a Map - Statistics

General Stats
  • This quiz has been taken 2,453 times
    2,427 since last reset
  • The average score is 23 of 41
Answers on the Map
Answers color-coded by a green-red scale on the quiz's map according to % correct below.
 
Answer Stats
Pop City % Correct
1,11 m Amsterdam
98%
1,91 m Brussels
98%
829 k Rotterdam
97%
958 k Antwerp
95%
803 k The Hague
94%
122 k Luxembourg
91%
419 k Ghent
86%
383 k Utrecht
86%
544 k Liège
84%
121 k Bruges
83%
214 k Groningen
79%
298 k Eindhoven
78%
118 k Maastricht
75%
357 k Charleroi
74%
205 k Haarlem
63%
155 k Breda
59%
213 k Tilburg
55%
102 k Namur
54%
161 k Nijmegen
54%
110 k Arnhem
52%
147 k Enschede
51%
162 k 's-Hertogenbosch
51%
113 k Ostend
50%
270 k Leiden
49%
163 k Leuven
49%
102 k Alkmaar
48%
177 k Almere
48%
140 k Apeldoorn
45%
208 k Mons
43%
221 k Dordrecht
42%
153 k Amersfoort
38%
210 k Kortrijk
35%
123 k Mechelen
34%
169 k Heerlen
31%
167 k Hasselt
28%
124 k Zoetermeer
27%
124 k Aalst
23%
106 k Sint-Niklaas
22%
117 k IJmuiden
21%
141 k La Louvière
19%
104 k Roeselare
17%
No matching quizzes found
Score Distribution
Percent of People with Each Score
Percentile by Number Answered
Your Score History
You have not taken this quiz since the last reset